Szczegóły MARC21

Anglizismen-Wörterbuch : der Einfluss des Englischen auf den deutschen Wortschatz nach 1945. Bd. 2, F - O

005 -DATA I CZAS OSTATNIEJ MODYFIKACJI [,]
    • @
    • pole kontrolne
    • 20071002132829.0
020 -Międzynarod. znormalizowany nr książki - ISBN [ , ]
    • a
    • Numer ISBN
    • 3110171694 Find
040 -Instytucja sporządzająca opis [ , ]
    • a
    • Instytucja, która sporządziła opis (NP)
    • SZCZ U/BS
    • c
    • Instytucja, która sporządziła rekord (NP)
    • SZCZ U/BS
    • d
    • Instytucja, która zmodyfikowała rekord (P)
    • SZCZ U/KP
041 -Język dokumentu [0, ]
    • a
    • Język tekstu (P)
    • niemiecki
044 -Kraj miejsca wydania [ , ]
    • a
    • Kraj miejsca wydania
    • Niemcy
942 -Rodzaj dokumentu [ , ]
    • c
    • Rodzaj dokumentu
    • Książka
100 -Hasło główne - nazwa osobowa [1, ]
    • a
    • Nazwa osobowa (NP)
    • Carstensen, Broder.
245 -Strefa tytułu i oznaczenia odpowiedzialności [1,0]
    • a
    • Tytuł
    • Anglizismen-Wörterbuch : Find
    • b
    • Ciąg dalszy tytułu (NP)
    • der Einfluss des Englischen auf den deutschen Wortschatz nach 1945. Find
    • n
    • Oznaczenie części (P)
    • Bd. 2,
    • p
    • Nazwa części (P)
    • F - O
    • c
    • Pozostałe elementy strefy tytułu i oznaczenia odpowiedzialności (NP)
    • begrűndet von Broder Carstensen, fortgefűhrt von Ulrich Busse, unter Mitarbeit von Regina Schmude.
260 -Strefa adresu wydawniczego [ , ]
    • a
    • Miejsce wydania (P)
    • Berlin ;
    • a
    • Miejsce wydania (P)
    • New York :
    • b
    • Nazwa wydawcy (P)
    • Walter de Gruyter & CO.,
    • c
    • Data wydania (P)
    • 2001. -
300 -Strefa opisu fizycznego [ , ]
    • a
    • Określenie formy książki i/lub objętość (NP)
    • S. 451-1020 ;
    • c
    • Format (NP)
    • 23 cm.
080 -Uniwersalna Klasyfikacja Dziesiętna [ , ]
    • 2
    • Identyfikator wydania tablic
    • UDC-P058
    • a
    • Symbol klasyfikacji
    • 811.112.2'373'45'374
    • b
    • Dopowiedzenie
    • Język niemiecki - wyrazy obce, wyrazy zapożyczone, kalki językowe - słownik.
980 -Symbol UKD [ , ]
    • a
    • UKD
    • 811.112.2'373'45'374
700 -Hasło dodatkowe - nazwa osobowa [1, ]
    • a
    • Nazwa osobowa (NP)
    • Busse, Ulrich. Find
700 -Hasło dodatkowe - nazwa osobowa [1, ]
    • a
    • Nazwa osobowa (NP)
    • Schmude, Regina. Find
920 -ISBN [ , ]
    • a
    • ISBN
    • 3-11-017169-4 Find
Data inwentaryzacji Sygnatura Status udost. Lokalizacja Numer inwentarzowy
2007-09-28GERM. Słowniki specj. 351BMG.18475